Interkultúrna komunikácia – súčasť modernej výchovy
Akt medzikultúrnej či interkultúrnej komunikácie je komplexným a zložitým javom. Zložky interkultúrnej komunikácie. Verbálna, para verbálna a neverbálna komunikácia. Kultúry s bohatým či chudobným kontextom. Interkultúrne konflikty. Interkultúrna senzibilita, interkultúrna empatia, interkultúrna kom...
Uložené v:
| Hlavný autor: | |
|---|---|
| Médium: | Kapitola |
| Jazyk: | Slovak |
| Predmet: | |
| Tagy: |
Žiadne tagy, Buďte prvý, kto otaguje tento záznam!
|
MARC
| LEADER | 00000nla$a2200000$$$4500 | ||
|---|---|---|---|
| 001 | 0116039 | ||
| 005 | 20240502072308.2 | ||
| 041 | 0 | |a slo | |
| 044 | |a SK | ||
| 245 | 1 | 0 | |a Interkultúrna komunikácia – súčasť modernej výchovy |c Štefan Povchanič |
| 520 | |a Akt medzikultúrnej či interkultúrnej komunikácie je komplexným a zložitým javom. Zložky interkultúrnej komunikácie. Verbálna, para verbálna a neverbálna komunikácia. Kultúry s bohatým či chudobným kontextom. Interkultúrne konflikty. Interkultúrna senzibilita, interkultúrna empatia, interkultúrna kompetentnosť. | ||
| 610 | 2 | 0 | |a komunikácia multikultúrna |
| 610 | 2 | 0 | |a komunikácia verbálna |
| 610 | 2 | 0 | |a komunikácia neverbálna |
| 100 | 1 | |a Povchanič, Štefan | |